000 00846nam a2200253 i 4500
001 C2-0338608
003 PPAK
005 20180728140906.0
008 161114s2016 my a|||| ||||| | may d
020 _a9789674602536
040 _aPPAK
_beng
_cPPAK
_erda
082 0 4 _a741.59595
_223
090 0 0 _a741.59595
_bMUL
_dG
100 0 _aMuliyadi Mahamood,
_d1961-
_eauthor
245 1 0 _aGila-gila :
_bgaya dan tema kartun (1978 - 2008)
264 1 _aKuala Lumpur :
_bInstitut Terjemahan & Buku Malaysia Berhad ,
_c2016
300 _axx, 392 pages :
_billustrations ;
_c23 cm
336 _2rdacontent
_atext
337 _2rdamedia
_aunmediated
338 _2rdacarrier
_avolume
500 _aReferences pages
650 1 0 _aCaricatures and cartoons - History. ; Caricatures and cartoons - Malaysia. ; Cartoonist - Malaysia.
942 _ddc
_cB
999 _c135901
_d135901